000 00775nam a2200229 a 4500
001 68937
003 BD-RjUL
005 20211209081830.0
008 170408s1985 bg |||| |||| 000 0 ben d
020 _c: Tk. 15.00
035 _a(BD-RjUL)69148
040 _aBD-RjUL
_bben
_cBD-RjUL
_dBD-RjUL
041 _aBen
082 _223
_a306.44095492
_bMAA 1985
100 1 _aমামুদ, হায়াৎ
_9204272
245 1 _aঅমর একুশে /
_cহায়াৎ মামুদ
260 _aঢাকা :
_bবাংলা একাডেমী,
_c১৯৮৫ [১৩৯২]
300 _a১১৯ পৃ. ;
_c১৭ সেমি.
650 _aভাষা
_9123477
_zবাংলাদেশ
650 _aLanguage
_9123478
_zBangladesh
942 _2ddc
_cBK
999 _c68937
_d68937